Automated sleep scoring system using detrended fluctuation analysis / (رقم التسجيلة. 45148)

تفاصيل مارك
000 -LEADER
fixed length control field 01835cam a2200337 a 4500
003 - CONTROL NUMBER IDENTIFIER
control field EG-GiCUC
005 - DATE AND TIME OF LATEST TRANSACTION
control field 20250223030935.0
008 - FIXED-LENGTH DATA ELEMENTS--GENERAL INFORMATION
fixed length control field 140218s2013 ua dh f m 000 0 eng d
040 ## - CATALOGING SOURCE
Original cataloging agency EG-GiCUC
Language of cataloging eng
Transcribing agency EG-GiCUC
041 0# - LANGUAGE CODE
Language code of text/sound track or separate title eng
049 ## - LOCAL HOLDINGS (OCLC)
Holding library Deposite
097 ## - Thesis Degree
Thesis Level M.Sc
099 ## - LOCAL FREE-TEXT CALL NUMBER (OCLC)
Classification number Cai01.13.03.M.Sc.2013.Am.A
100 0# - MAIN ENTRY--PERSONAL NAME
Personal name Amr Fawzy Farag
245 10 - TITLE STATEMENT
Title Automated sleep scoring system using detrended fluctuation analysis /
Statement of responsibility, etc. Amr Fawzy Farag ; Supervised Ahmed A. Morsy , Shereen M. Elmetwally
246 15 - VARYING FORM OF TITLE
Title proper/short title استخدام الحاسب الالى لقياس درجة عمق النوم عن طريق تحليل رسم المخ بمعامل الدالة الأسية
260 ## - PUBLICATION, DISTRIBUTION, ETC.
Place of publication, distribution, etc. Cairo :
Name of publisher, distributor, etc. Amr Fawzy Farag ,
Date of publication, distribution, etc. 2013
300 ## - PHYSICAL DESCRIPTION
Extent 62P. :
Other physical details charts , facsimiles ;
Dimensions 30cm
502 ## - DISSERTATION NOTE
Dissertation note Thesis (M.Sc.) - Cairo University - Faculty of Engineering - Department of Systems and Biomedical Engineering
520 ## - SUMMARY, ETC.
Summary, etc. Sleep disorders are usually diagnosed based on clinical sleep assessment techniques . Various attempts were made to automate sleep assessment in the motivation of eliminating manual sleep assessment drawbacks and exploring new quantitative sleep measures . The purpose of this study is to combine detrended fluctuation analysis features and spectral features of single electroencephalograph (EEG) channel to build a hybrid automated sleep staging system based on decision tree and multi- layer perceptron prediction engine models
530 ## - ADDITIONAL PHYSICAL FORM AVAILABLE NOTE
Additional physical form available note Issued also as CD
653 #4 - INDEX TERM--UNCONTROLLED
Uncontrolled term Decision tree
653 #4 - INDEX TERM--UNCONTROLLED
Uncontrolled term Detrended fluctuation analysis
653 #4 - INDEX TERM--UNCONTROLLED
Uncontrolled term Sleep scoring
700 0# - ADDED ENTRY--PERSONAL NAME
Personal name Ahmed Abdelaal Morsy ,
Relator term
700 0# - ADDED ENTRY--PERSONAL NAME
Personal name Shereen Mahmoud Elmetwally ,
Relator term
856 ## - ELECTRONIC LOCATION AND ACCESS
Uniform Resource Identifier <a href="http://172.23.153.220/th.pdf">http://172.23.153.220/th.pdf</a>
905 ## - LOCAL DATA ELEMENT E, LDE (RLIN)
Cataloger Nazla
Reviser Revisor
905 ## - LOCAL DATA ELEMENT E, LDE (RLIN)
Cataloger Soheir
Reviser Cataloger
942 ## - ADDED ENTRY ELEMENTS (KOHA)
Source of classification or shelving scheme Dewey Decimal Classification
Koha item type Thesis
المقتنيات
Source of classification or shelving scheme Not for loan Home library Current library Date acquired Full call number Barcode Date last seen Koha item type Copy number
Dewey Decimal Classification   المكتبة المركزبة الجديدة - جامعة القاهرة قاعة الرسائل الجامعية - الدور الاول 11.02.2024 Cai01.13.03.M.Sc.2013.Am.A 01010110061936000 22.09.2023 Thesis  
Dewey Decimal Classification   المكتبة المركزبة الجديدة - جامعة القاهرة مخـــزن الرســائل الجـــامعية - البدروم 11.02.2024 Cai01.13.03.M.Sc.2013.Am.A 01020110061936000 22.09.2023 CD - Rom 61936.CD
Cairo University Libraries Portal Implemented & Customized by: Eng. M. Mohamady Contacts: new-lib@cl.cu.edu.eg | cnul@cl.cu.edu.eg
CUCL logo CNUL logo
© All rights reserved — Cairo University Libraries
CUCL logo
Implemented & Customized by: Eng. M. Mohamady Contact: new-lib@cl.cu.edu.eg © All rights reserved — New Central Library
CNUL logo
Implemented & Customized by: Eng. M. Mohamady Contact: cnul@cl.cu.edu.eg © All rights reserved — Cairo National University Library